FIFA World Cup 2010: Quarterfinal Argentina vs Germany - Statistics

General Stats
  • This quiz has been taken 53 times
  • The average score is 20 of 29
Answer Stats
# Team Position Player % Correct
10 FC Barcelona FW Lionel Messi
98%
11 Bayern München FW / 2 goals Miroslav Klose
96%
1 FC Schalke 04 GK Manuel Neuer
92%
16 Atlético Madrid FW / in 75' Kun Agüero
90%
16 Bayern München DF Philipp Lahm
90%
13 Bayern München FW / 1 goal / out 84' Thomas Müller
90%
9 Real Madrid FW Gonzalo Higuaín
86%
10 1. FC Köln FW Lukas Podolski
82%
2 Bayern München DF Martín Demichelis
82%
7 Bayern München MF Bastian Schweinsteiger
80%
14 Liverpool FC MF Javier Mascherano
78%
Coach Joachim Löw
76%
8 Werder Bremen MF Mesut Özil
73%
22 AZ Alkmaar GK Sergio Romero
73%
7 SL Benfica MF / out 75' Ángel Di María
71%
11 Manchester City FW Carlos Tévez
71%
20 Hamburger SV DF / out 72' Jérôme Boateng
69%
Coach Diego Maradona
61%
6 VfB Stuttgart MF / out 78' Sami Khedira
61%
6 Olympique de Marseille DF Gabriel Heinze
59%
17 Werder Bremen DF Per Mertesacker
59%
3 Hertha BSC DF / 1 goal Arne Friedrich
57%
20 Liverpool FC MF Maxi Rodríguez
57%
18 Bayer Leverkusen MF / in 78' Toni Kroos
57%
15 Vélez Sarsfield DF / out 69' Nicolás Otamendi
47%
23 US Palermo MF / in 69' Javier Pastore
41%
2 Hamburger SV DF / in 72' Marcell Jansen
41%
4 AS Roma DF Nicolás Burdisso
33%
15 Hamburger SV MF / in 84' Piotr Trochowski
31%
No matching quizzes found
Score Distribution
Percent of People with Each Score
Percentile by Number Answered
Your Score History
You have not taken this quiz